000 01035nam a2200325 a 4500
999 _c1813
_d1813
001 7924668
003 OSt
005 20180921101344.0
008 811016s1982 nyuab b 001 0 eng
010 _a81-18679
020 _a0688008216
020 _a0817460025
035 _a3049028
040 _aDLC
_cDLC
_dOSU
041 1 _aeng
_hger
082 _a220.6
_bH866W
090 _aBS514.2
_b.H681 1982
090 0 0 _aBS514.2
_b.H681 1982
100 1 _aHowson, Mark
245 1 0 _aWhat the Bible really says :
_bcasting new light on the Book of Books /
_cManfred Barthel ; translated and adapted by Mark Howson
250 _a1st ed
260 _aNew York :
_bMorrow,
_c1982
300 _a413 p. :
_bill., maps ;
_c25 cm
500 _aTranslation and adaptation of: Was wirklich in der Bibel steht / Manfred Barthel
500 _aIncludes index
504 _aBibliography: p. 397-399
630 0 0 _aBible
_xCriticism, interpretation, etc
700 1 1 _aBarthel, Manfred,
_d1924-
_tWas wirklich in der Bibel steht
942 _2ddc
_cBK